000 00227 a2200097 4500
001 7057
100 _aP.I.P
245 _aLabour management Cooperation in Pak
260 _a
_bPak institute of personnel
_c
090 _c5827
_d5827
942 _aNUST-CAE
_cM
_c32297
999 _c242130
_d242130